Jeremias|Meer (lyrics) - Statistiken

Allgemein
  • Dieses Quiz wurde 104 mal gespielt
  • Das Durchschnittsergebnis liegt bei 228 aus 310
Antwortstatistiken
Hint Antwort % Korrekt
ich
96%
Ich
96%
Meer
91%
die
89%
Die
89%
Strophe 1 Du
89%
du
89%
das
88%
Mein
86%
Und
86%
und
86%
dich
84%
zu
84%
Deine
82%
deine
82%
hör
82%
meine
82%
wenn
82%
den
81%
sie
81%
atmen
79%
mir
79%
nie
79%
wie
79%
Wie
79%
dir
77%
so
77%
er
75%
mich
75%
mich:
75%
nicht
75%
siehst
75%
war
75%
Wir
75%
Haut
74%
kommst
74%
nah
74%
Narben
74%
Tag
74%
waren
74%
hätt
72%
hatte
72%
jeden
72%
kalt
72%
klingt
72%
Pre-Refrain Alles
70%
alles
70%
Auch
70%
auch
70%
auf
70%
dann
70%
Haare
70%
hast
70%
ist
70%
Kopf
70%
schwer
70%
versteck
70%
Brust
68%
durch
68%
gut
68%
her
68%
im
68%
mehr
68%
vermiss
68%
Worte
68%
deiner
67%
erklär‘n
67%
geh?
67%
mit
67%
Nase
67%
Pulver
67%
um
67%
zusammen
67%
an?
65%
Bett
65%
Denn
65%
gib
65%
hab
65%
zieh‘n
65%
liegen
63%
dem
61%
gar
61%
sei
61%
still
61%
blüht
60%
in
60%
jetzt
60%
meinen
60%
nächsten
60%
perfekt
60%
umarmt
60%
ganz
58%
geht
58%
viel
58%
frag
56%
fühlt
56%
gehst?
56%
niemals
56%
noch
56%
Schweigen
56%
sich
56%
verwelkt
56%
böse
54%
Drehst
54%
lebt
54%
leise
54%
stirbt
54%
aus
53%
Jahren
53%
lang?
53%
sag
53%
geteilt
51%
Halt
51%
manchmal
51%
Menschen
51%
siebzig
51%
weg
51%
zurück
51%
Geduld
49%
gern
49%
fragst
47%
früh
47%
längst
47%
Angst
46%
glaub
46%
Outro Leg
46%
lieben
46%
Vergleiche
46%
verlor‘n
46%
nichts
44%
Reden
42%
mein‘n
26%
Nam‘n
26%
Keine übereinstimmenden Quizze gefunden
Verteilung der Resultate
Anzahl Personen mit jedem Resultat
Perzentil nach korrekt beantworteten Fragen
Ihre Resultats-Entwicklung
Sie haben dieses Quiz noch nicht gespielt